Obálka Náhled e-knihy:
PDF Epub
Pro půjčování e-knih musíte být přihlášeni.
Jak si půjčit online?

Enola Holmesová. Případ tajemné krinolíny /

Další případ Enoly Holmesové, mladší sestry Sherlocka Holmese.

Uloženo v:
Série:Enola Holmesová, část 5
Hlavní autor: Springer, Nancy, 1948- (Autor)
Další autoři: Davidová, Vendula (Autor)
Médium: E-kniha
Jazyk:Czech
Vydáno: V Praze : Fragment, 2023
Vydání:1. vydání
Témata:
Příbuzné jednotky:Přeloženo z: Enola Holmes mystery
Z cyklu:: Enola Holmesová
Tagy:
Žádné tagy
LEADER 02770nam a2200541 i 4500
001 312097
003 CZ PrSKC
005 20260601215716.0
007 ta
008 230922s2023 xr c 000 f cze
015 |a cnb003548986 
020 |a 9788025364710  |q (vázáno) :  |c Kč 269,00 
035 |a (OCoLC)1408816900 
040 |a ABG001  |b cze  |e rda 
041 1 |a cze  |h eng 
072 7 |a 821.111(73)-3  |x Americká próza  |2 Konspekt 
072 7 |a 821-93  |x Literatura pro děti a mládež (beletrie)  |2 Konspekt 
080 |a 821.111(73)-31  |2 MRF 
080 |a 821-93  |2 MRF 
080 |a (0:82-312.4)  |2 MRF 
100 1 |a Springer, Nancy,  |d 1948-  |7 xx0078179  |4 aut 
240 1 0 |a Case of the cryptic crinoline.  |l Česky 
245 1 0 |a Enola Holmesová.  |p Případ tajemné krinolíny /  |c Nancy Springerová ; přeložila Vendula Davidová 
246 3 0 |a Případ tajemné krinolíny 
250 |a 1. vydání 
264 1 |a V Praze :  |b Fragment,  |c 2023 
300 |a 137 stran ;  |c 22 cm 
336 |a text  |b txt  |2 rdacontent 
337 |a bez média  |b n  |2 rdamedia 
338 |a svazek  |b nc  |2 rdacarrier 
500 |a Přeloženo z angličtiny 
520 2 |a Další případ Enoly Holmesové, mladší sestry Sherlocka Holmese.  |b Enola tráví osamělé dny v Londýně, když s ní otřese šokující zjištění: někdo unesl její bytnou, paní Tupperovou. Enola se okamžitě pustí do pátrání a brzy odhalí, že je do únosu zapletený její vlastní bratr Sherlock Holmes a Florence Nightingaleová. Dřív, než se naděje, musí Enola opět vyskakovat z oken, luštit záhadné šifry, dokonce i používat svoji skrytou dýku - a rozhodně si nedá pokoj, dokud nebude nebohá paní Tupperová v bezpečí svého domova. Nakladatelská anotace. Kráceno. 
521 8 |a Pro čtenáře od 11 let 
655 7 |a americké romány  |7 fd131796  |2 czenas 
655 7 |a detektivní romány  |7 fd132010  |2 czenas 
655 7 |a publikace pro děti  |7 fd133156  |2 czenas 
655 9 |a American fiction  |2 eczenas 
655 9 |a detective novels  |2 eczenas 
655 9 |a children's literature  |2 eczenas 
700 1 |a Davidová, Vendula  |7 xx0224276  |4 trl 
765 0 |t Enola Holmes mystery 
787 0 8 |i Z cyklu:  |t Enola Holmesová  |g 5 
900 |a ABA001  |b 21 
928 9 |a Albatros Media - Fragment 
044 |a xr 
910 |a RBIT002 
998 |d 387108  |a https://core.palmknihy.cz/api/books/387108/cover?si92mh  |b https://core.palmknihy.cz/api/books/387108/cover/400?si92mh  |c https://core.palmknihy.cz/api/books/387108/cover/50?si92mh  |e 2029-02-03  |g 144  |i 9788025364710  |j https://core.palmknihy.cz/api/books/387108/preview.epub  |k https://core.palmknihy.cz/api/books/387108/preview.pdf  |l   |q 49  |r 1  |s https://www.palmknihy.cz/kniha/387108  |t ebook  |y 2023  |z 0  |v Enola Holmesová  |w 5 
999 |d 312095